| 000 | 00312nam a2200097 4500 | ||
|---|---|---|---|
| 245 | _aReport on population data regarding forestry communities practising shifting cultivation | ||
| 260 |
_a[s.l.] _b[s.n.] _c1980 |
||
| 300 | _axii,256p.; 28cm. | ||
| 490 | _aFAO/UNFPA project no.RAS/77/P09 | ||
| 082 |
_aDB631.580954 _bREP |
||
| 999 |
_c81024 _d81024 |
||